World Capitals Closest to Colombo - One Minute Sprint - Statistics

General Stats
  • This quiz has been taken 35 times
  • The average score is 12 of 20
Answer Stats
km capital miles % Correct
2435 New Delhi 1513
100%
3065 Islamabad 1905
83%
2192 Dhaka 1362
80%
772 Malé 480
80%
2379 Bangkok 1478
77%
3328 Jakarta 2068
67%
2388 Kathmandu 1484
67%
2729 Singapore 1695
67%
3270 Kabul 2032
63%
2450 Kuala Lumpur 1522
63%
3202 Hanoi 1990
60%
2511 Thimphu 1560
60%
2260 Naypyidaw 1404
57%
2795 Phnom Penh 1737
57%
2755 Vientiane 1712
53%
2956 Muscat 1837
40%
3351 Abu Dhabi 2082
27%
3699 Dushanbe 2298
23%
3005 Victoria 1867
23%
3646 Doha 2265
20%
No matching quizzes found
Score Distribution
Percent of People with Each Score
Percentile by Number Answered
Your Score History
You have not taken this quiz